More Indian fairy tales. (Record no. 60312)
[ view plain ]
| 000 -LEADER | |
|---|---|
| fixed length control field | 00511cam a22001931 4500 |
| 001 - CONTROL NUMBER | |
| control field | sa 64007543 |
| 003 - CONTROL NUMBER IDENTIFIER | |
| control field | DLC |
| 005 - DATE AND TIME OF LATEST TRANSACTION | |
| control field | 20260227112047.0 |
| 008 - FIXED-LENGTH DATA ELEMENTS--GENERAL INFORMATION | |
| fixed length control field | 761217s1961 xx 000 0 eng |
| 010 ## - LIBRARY OF CONGRESS CONTROL NUMBER | |
| LC control number | sa 64007543 |
| 035 ## - SYSTEM CONTROL NUMBER | |
| System control number | (OCoLC)2631002 |
| 040 ## - CATALOGING SOURCE | |
| Original cataloging agency | DLC |
| Transcribing agency | OKentU |
| Modifying agency | DLC |
| 050 00 - LIBRARY OF CONGRESS CALL NUMBER | |
| Classification number | PZ8.A5 |
| Item number | Mo |
| 100 1# - MAIN ENTRY--PERSONAL NAME | |
| Personal name | Anand, Mulk Raj, |
| Dates associated with a name | 1905-2004. |
| 245 00 - TITLE STATEMENT | |
| Title | More Indian fairy tales. |
| 260 ## - PUBLICATION, DISTRIBUTION, ETC. | |
| Place of publication, distribution, etc. | [Bombay] |
| Name of publisher, distributor, etc. | Kutub-Popular |
| Date of publication, distribution, etc. | [1961] |
| 300 ## - PHYSICAL DESCRIPTION | |
| Extent | 80 p. |
| Other physical details | col. illus. |
| Dimensions | 20 cm. |
| 650 #0 - SUBJECT ADDED ENTRY--TOPICAL TERM | |
| Topical term or geographic name entry element | Fairy tales |
| Geographic subdivision | India. |
No items available.